| 000 | 00582nam a2200217Ia 4500 | ||
|---|---|---|---|
| 003 | IIN | ||
| 005 | 20240208165541.0 | ||
| 008 | 231217s9999 xx 000 0 und d | ||
| 020 |
_cRs.350.00 _aNil |
||
| 040 |
_aIIN _bEnglish |
||
| 082 |
_a610.73069 _bWBN |
||
| 110 | 1 | _aWest Bengal Nursing Council | |
| 245 | 1 |
_aNursing Theories & Practices _cWest Bengal Nursing Council |
|
| 250 | _a4th ed | ||
| 260 |
_bWBNC, _aKolkata; _c2019 |
||
| 300 | _aviii [5], 720p. | ||
| 440 | _v Vol.1 | ||
| 650 | 1 |
_aFoundation _vNursing |
|
| 650 | 1 |
_aTheories & Practices _vNursing |
|
| 942 | _cBOOK | ||
| 999 |
_c1053 _d1053 |
||